000 00633ntaaa2200205 4500
003 01
005 20251027203219.0
008 0714s1973 ag 01
020 _a1553069811
040 _aAR-BaBN
_bspa
_cAR-BaBN
_eaacr
_dRIC
082 _a266 L49f
100 _aLeder, Arie C.
_934108
245 _aFor God so loved the world /
_cArie C. Leder
250 _a1 ed.
260 _aBelleville :
_bEssence publishing,
_c2006
300 _a328 p.
500 _aBibliografía cronológica de Roger S. Greenway p. 309-326.Sumario: presenta reflexiones misionológicas en honor de Roger S. Greenway.
650 _aMISIONES
942 _cBK
999 _c27576
_d27576